1058 1068 1959 1402 1971 1556 1462 1439 1640 1275 1215 1395 1260 1370 1657 1660 1866 1145 1668 1309 1399 1683 1102 1096 1963 1774 1937 1564 1312 1380 1311 1683 1768 1002 1375 1074 1176 1636 1879 1020 1104 1018 1964 1238 1517 1243 1658 1005 1755 1861 1319 1906 1692 1774 1274 1411 1588 1420 1011 1828 1277 1357 1998 1361 1371 1883 1157 1185 1329 1420 1754 1983 1260 1893 1061 1800 1791 1274 1520 1541 1857 1581 1212 1863 1726 1146 1113 1821 1531 1645 1434 1932 1602 1013 1842 1011 1980 1712 1359 BCNSPRNW ULIB Ver.6.0+V

เปลี่ยนเป็นภาษาไทย

Change to English
 แสดงรายละเอียดบรรณานุกรม
  กลับหน้าหลัก

Brief Record : Get Marc (ISO 2709) : E-mail record : QR code < ปิดหน้าต่าง
LEADER : 00000nam 2200000uu 4500
001    13399123416
003     ULIB
008    140912s2556||||th 000 0 tha d
020    ^a9786162793707
060  4 ^aWE258^bน811
100 0  ^aอภิชาติ อัศวมงคลกุล,^eบรรณาธิการ
245 00 ^aเนื้องอกกระดูกและเนื้อเยื่ออ่อน /^cบรรณาธิการ ; อภิชาติ อัศวมงคลกุล
250    ^aพิมพ์ครั้งที่ 1
260    ^aกรุงเทพฯ :^bโครงการตำรา-ศิริราช คณะแพทยศาสตร์โรงพยาบาลรามาธิบดี มหาวิทยาลัยมหิดล,^c2556^d
300    ^a590หน้า :^bภาพประกอบ
650  7 ^aกระดูก^xการรักษา
650  7 ^aมะเร็งเนื้อเยื่อ
650  7 ^aมะเร็งกระดูก
710 1  มหาวิทยาลัยมหิดล.^bคณะแพทยศาสตร์โรงพยาบาลรามาธิบดี.^bโครงการตำรารามาธิบดี.
945    ^p1800^l0^i20510
945    ^p1800^l0^i20511
999    ^aทศพร เกษรทอง
รายการนี้ยังไม่มีแท็ก
คุณยังไม่ได้ล็อกอิน คุณสามารถมีกิจกรรมร่วมกับเว็บไซต์ได้ แต่ต้องล็อกอินก่อน ::
  ล็อกอิน

รายการสื่อสารสนเทศ

ลำดับที่ ประเภท เลขเรียก/บาร์โค้ด สถานที่ สถานะ
1. วิทยาศาสตร์การแพทย์ และสุขภาพ
หนังสือสำรอง
สถานะ=หนังสือสำรอง
WE258 น811 ฉ.1 
  Barcode: 20510
ห้องสมุดวิทยาเขตนครสวรรค์
►หนังสือทั่วไป:l:General Books
บนชั้น
2. วิทยาศาสตร์การแพทย์ และสุขภาพ
วิทยาศาสตร์การแพทย์ และสุขภาพ
WE258 น811 ฉ.2 
  Barcode: 20511
ห้องสมุดวิทยาเขตนครสวรรค์
►หนังสือทั่วไป:l:General Books
บนชั้น

รายการใกล้เคียง
    หัวเรื่อง [มะเร็งเนื้อเยื่อ]
    หัวเรื่อง [มะเร็งกระดูก]

BibComment


ยังไม่เคยถูกคอมเมนท์

คอมเมนท์ทรัพยากรรายการนี้
  คอมเมนท์: เนื้องอกกระดูกแล..


 Copyright 2026. Bcnsprnw @Library